Zmenky v sústave podvojného účtovníctva

Podľa § 2 zákona č. 566/2001 Z. z. o cenných papieroch a investičných službách je zmenka zaradená do sústavy cenných papierov, s ktorými sú spojené práva podľa zákona o cenných papieroch a osobitných zákonov podľa druhu cenného papiera. Zmenka je individuálne emitovaný, obchodovateľný a prevoditeľný...

Descrizione completa

Salvato in:
Dettagli Bibliografici
Autore principale: Gášpárová, Eva
Natura: Capitolo di libro
Lingua:slovacco
Soggetti:
Tags: Aggiungi Tag
Nessun Tag, puoi essere il primo ad aggiungerne!!

MARC

LEADER 00000naa a2200000 4500
001 0209579
005 20231208091145.2
041 0 |a slo 
044 |a SK 
245 1 0 |a Zmenky v sústave podvojného účtovníctva  |c Eva Gášpárová 
520 |a Podľa § 2 zákona č. 566/2001 Z. z. o cenných papieroch a investičných službách je zmenka zaradená do sústavy cenných papierov, s ktorými sú spojené práva podľa zákona o cenných papieroch a osobitných zákonov podľa druhu cenného papiera. Zmenka je individuálne emitovaný, obchodovateľný a prevoditeľný cenný papier, ktorý plní úverovú, platobnú a zabezpečovaciu funkciu. Je to cenný papier v listinnej forme, z ktorého vyplýva na jednej strane záväzok dlžníka zaplatiť sumu uvedenú na zmenke a na druhej strane právo majiteľa zmenky požadovať v stanovenom termíne túto úhradu. 
610 2 0 |a zmenky 
610 2 0 |a úpravy právne 
610 2 0 |a papiere cenné 
610 2 0 |a účtovníctvo podvojné 
100 1 |a Gášpárová, Eva